000 00274nam a2200109Ia 4500
008 200302s9999 xx 000 0 und d
100 _aAuthor
245 _aResidential Spaces of the World Vol 5 (61)
260 _bImages Publishing Group
260 _c2003
300 _a224 P.,
999 _c1890
_d1890